Statystyki dla Największe miasta w Republice Środkowoafrykańskiej.

Kliknij tutaj aby rozwiązać quiz!

Ogólne statystyki

  • Ten quiz został rozwiązany 4 razy
  • Średni wynik to 4 z 10

Statystyki odpowiedzi

LudnośćOdpowiedź% Poprawnych
747 tys.Bangi
100%
29 tys.Nola
50%
41 tys.Bambari
25%
32 tys.Bangassou
25%
105 tys.Berberati
25%
250 tys.Bimbo
25%
38 tys.Bossangoa
25%
39 tys.Bouar
25%
30 tys.Bria
25%
45 tys.Carnot
25%

Rozkład punktacji

Percentyl według liczby udzielonych odpowiedzi

Procent ludzi z każdym wynikiem

Twoja historia wyników

Nie rozwiązałeś tego quizu